01720nam a2200265Ia 4500001000600000003000900006008004100015040001300056040001300069041001300082100001100095100002900106245006400135245006300199250001100262260001000273260001100283260004900294300005700343500094200400650002601342650003101368700002601399700002901425B0777IT-RoPAU130308s9999 xx 000 0 und d aIT-RoPAU cIT-RoPAU aFRANCESE aAA.VV. gCodice Aut. SPICS: 12000 aExpression et la communication (L')-Techniques et methodes bExpression et la Communication (L')-Techniques et Methodes a1a ed. aPARIS bNathan c1986 [1° Ed.:1986 - Ed.Ling.Originale:1986] a"160 p. (prefazione: no ; testo: 160 [pagine: 0-0])" aEspressione e Comunicazione: Tecniche e Metodi. Lingua e Comunicazione: Segni, Immagini, Gesti, Parole, Dizionario e Grammatica. Tecniche e Metodi dell'Espressione Orale e Scritta: Dialogare, Raccontare, Dimostrare, Persuadere, Polemizzare, Descrivere, Interrogare, Riassumere, Formalizzare, Illustrare, Paragonare, Giudicare, Inventare. Attività Orali e Scritte: Intervista, Dibattito, Esposizione, Rndiconto, Rapporto, Inchiesta, Dossier, Notiziario. Approcci della Letteratura: Lettura, Scheda, Spiegazione, Apporto dell'Audiovisivo, Generi Letterari, Generi Poetici, tono della Voce, immagini Efigure. Approcci dell'arte e dei Media: Commentare fotografie e Manifesti,Disegni e pitture , Poemi Musicali, testo Teatrale Interpretato e Rappresentato, Romanzo Adattato al Cinema, Visitare un Museo, commento Alla Musica, Situare movimenti e dottrine Artistiche, Leggere un Giornale, Ascoltare e Commentare la Radio o la Televisione. aDIDATTICA AUDIOVISIVA eCodice materia Spics: 4002 aLecherbonnier Bernard gCodice Aut. SPICS: 37167